| 000 | 01119nam a2200265 4500 | ||
|---|---|---|---|
| 005 | 20240530110939.0 | ||
| 008 | 221025s2021 ua af f b 000 0 ara d | ||
| 017 |
_a2020/9319 _bمصر. دار الكتب |
||
| 020 | _a9789776784468 | ||
| 040 |
_aEG-CaGPL _cEG-CaGPL |
||
| 082 | 0 | 8 |
_221 _a723.3/ _bق/ع ع |
| 100 | 0 | _aعبدالله كامل موسى عبده | |
| 245 | 1 | 2 |
_aالعمارة الفاطمية فى افريقية والمغرب ومصر واليمن / _cعبدالله كامل موسى عبده |
| 250 | _aط.1 | ||
| 260 |
_aالاسكندرية : _bدار الوفاء لدنيا الطباعة و النشر، _c2021. |
||
| 300 |
_a424 ص. : _bايض ؛ _c24 سم. |
||
| 504 | _aيشتمل على ارجاعات ببليوجرافية | ||
| 650 | 0 | 7 |
_2qrmak _aالعمارة الفاطمية _zافريقيا |
| 650 | 0 | 7 |
_2qrmak _aالعمارة الفاطمية _zالمغرب |
| 650 | 0 | 7 |
_2qrmak _aالعمارة الفاطمية _zمصر |
| 650 | 0 | 7 |
_2qrmak _aالعمارة الفاطمية _zاليمن |
| 651 | _2qrmak | ||
| 942 |
_2ddc _cBK |
||
| 999 |
_c66787 _d66787 |
||